UM Logo

Practical guide to exercise physiology/ (Record no. 11446)

MARC details
000 -LEADER
fixed length control field 00676nam a22002057a 4500
008 - FIXED-LENGTH DATA ELEMENTS--GENERAL INFORMATION
fixed length control field 181204b ||||| |||| 00| 0 eng
020 ## - INTERNATIONAL STANDARD BOOK NUMBER
International Standard Book Number 978-1-4504-6180-1
082 ## - DEWEY DECIMAL CLASSIFICATION NUMBER
Edition number 2016
Classification number DC 613.71
Item number M961
100 ## - MAIN ENTRY--PERSONAL NAME
Personal name Murry, Bob.
9 (RLIN) 32817
245 ## - TITLE STATEMENT
Title Practical guide to exercise physiology/
Statement of responsibility, etc. Bob Murry, W. Larry Kenney.
260 ## - PUBLICATION, DISTRIBUTION, ETC. (IMPRINT)
Place of publication, distribution, etc. Pennsylvania:
Name of publisher, distributor, etc. Human Kenetics,
Date of publication, distribution, etc. ©2016.
300 ## - PHYSICAL DESCRIPTION
Extent xii, 195 pages.
Other physical details color illustrations;
Dimensions 28 cm.
500 ## - GENERAL NOTE
General note includes index.
650 ## - SUBJECT ADDED ENTRY--TOPICAL TERM
Topical term or geographic name as entry element Exercise
General subdivision Physiology
9 (RLIN) 110
650 ## - SUBJECT ADDED ENTRY--TOPICAL TERM
Topical term or geographic name as entry element Exercise Movement Technique
9 (RLIN) 34707
650 ## - SUBJECT ADDED ENTRY--TOPICAL TERM
Topical term or geographic name as entry element Physical Exertion
9 (RLIN) 34708
700 ## - ADDED ENTRY--PERSONAL NAME
Personal name Kenney, W. Larry.
9 (RLIN) 32819
365 ## - TRADE PRICE
Price amount 2,145
Currency code php
942 ## - ADDED ENTRY ELEMENTS (KOHA)
Source of classification or shelving scheme Dewey Decimal Classification
Koha item type Circulation
Holdings
Withdrawn status Lost status Source of classification or shelving scheme Damaged status Not for loan Collection code Home library Current library Date acquired Source of acquisition Cost, normal purchase price Total Checkouts Full call number Barcode Date last seen Copy number Koha item type
    Dewey Decimal Classification     Circulation UM Digos College - LIC UM Digos College - LIC 08/29/2018 Purchased 2145.00   DC 613.7 M961 2016 25354 05/15/2025 1 Circulation